Bharat ke pakshi (Record no. 604135)

MARC details
000 -LEADER
fixed length control field 00388nam a2200157Ia 4500
008 - FIXED-LENGTH DATA ELEMENTS--GENERAL INFORMATION
fixed length control field 100415s9999 xx 000 0 und d
082 ## - DEWEY DECIMAL CLASSIFICATION NUMBER
Item number 21253
Classification number 598.2(54)
100 ## - MAIN ENTRY--PERSONAL NAME
Personal name Ali,Salim
245 ## - TITLE STATEMENT
Title Bharat ke pakshi
260 ## - PUBLICATION, DISTRIBUTION, ETC. (IMPRINT)
Place of publication, distribution, etc CHANDIGARH
Date of publication, distribution, etc 1974
Name of publisher, distributor, etc Hariyana Hindi Grantha
365 ## - TRADE PRICE
Price amount 0
530 ## - ADDITIONAL PHYSICAL FORM AVAILABLE NOTE
Availability source Donated
630 ## - SUBJECT ADDED ENTRY--UNIFORM TITLE
Uniform title Bharat ke pakshi
730 ## - ADDED ENTRY--UNIFORM TITLE
Uniform title Bharat ke pakshi
942 ## - ADDED ENTRY ELEMENTS (KOHA)
Koha item type Book
Holdings
Withdrawn status Lost status Damaged status Not for loan Home library Current library Date acquired Cost, normal purchase price Total Checkouts Full call number Barcode Date last seen Price effective from Koha item type
        Bombay Natural History Society Bombay Natural History Society 01/27/2005 0.00   598.2(54) 21253 BNHS-21253 04/15/2010 04/15/2010 Book